|
|
|
|
| LEADER |
00755cam a2200205 7i4500 |
| 001 |
0000012041 |
| 005 |
20170218090000.0 |
| 008 |
080702 eng |
| 020 |
|
|
|a 9780471322085
|
| 020 |
|
|
|a 0471322083
|
| 050 |
0 |
0 |
|a QA76.758 BRA 2000
|
| 090 |
0 |
0 |
|a QA76.758
|b .B73 2000
|
| 100 |
1 |
|
|a Braude, Eric J
|
| 245 |
1 |
0 |
|a Software engineering :
|b an object-oriented perspective
|c Eric J. Braude.
|
| 260 |
|
|
|a Hoboken, N.J.:
|b John Wiley & Sons, Inc.,
|c 2000.
|
| 300 |
|
|
|a xxiii, 535 p.:
|b ill.;
|c 26 cm.
|
| 650 |
0 |
0 |
|a Software engineering
|
| 650 |
0 |
0 |
|a Object-oriented programming (Computer science)
|
| 997 |
|
|
|a Communication, Visual Art & Computing, Faculty
|b Computing, Department
|
| 999 |
|
|
|a 0000031410
|b BOK
|c OPEN SHELF
|e 2nd Floor, Bestari Jaya
|